000
00312nam a2200145Ia 4500
100
_a
Forouzan/ Behrouz/ A
942
_c
BK
654
_a
TCP/IP
245
_a
TCP/IP:Protocol Suite
260
_b
Tata Mc Graw hill
_a
New Delhi
_c
2000
082
_a
4.62
_b
FOR
300
_a
836
546
_a
ENGLISH
999
_c
25663
_d
25663